[Event "Junior Online 4NCL Division 2"]
[Site "online"]
[Date "2021.04.01"]
[EventDate "2021.04.01"]
[Round "6.115"]
[White "Goswami, Pratyush"]
[WhiteElo "1238"]
[WhiteTeam "Rhodes Avenue Bishops"]
[Black "Nukalapati, Sarthak"]
[BlackElo "1470"]
[BlackTeam "St John's College B"]
[Result "1-0"]
[PlyCount "85"]

1. e4 e5 2. Nf3 Nc6 3. Bb5 d6 4. O-O Nf6 5. Re1 Bg4 6. Nc3 Be7 7. d3 O-O 8. Be3 a6 9. Ba4 Nd4 10. Bxd4 exd4 11. Nb1 b5 12. Bb3 c5 13. Nbd2 Rc8 14. a4 b4 15. a5 h5 16. h3 Be6 17. Bxe6 fxe6 18. Ng5 Qd7 19. Nc4 Qc7 20. Nxe6 Qb7 21. Nxf8 Rxf8 22. e5 dxe5 23. Nxe5 Bd6 24. Nc4 Qc7 25. Nxd6 Qxd6 26. Qe2 Qd7 27. Qe6+ Rf7 28. Qxd7 Rxd7 29. Re5 Rd5 30. Re6 Nd7 31. Rxa6 Kh7 32. Ra8 Rd6 33. a6 Nb6 34. Rb8 Nd7 35. a7 Nb6 36. Rxb6 Rxb6 37. a8=Q Re6 38. Qd5 Rg6 39. Qxh5+ Rh6 40. Qf5+ Rg6 41. Ra6 Kg8 42. Qxg6 b3 43. Ra8# {[W: 0:05:36; B: 0:00:36]} 1-0

[Event "Junior Online 4NCL Division 2"]
[Site "online"]
[Date "2021.04.01"]
[EventDate "2021.04.01"]
[Round "6.116"]
[White "Jaberansari, Benjamin"]
[WhiteElo "1359"]
[WhiteTeam "St John's College B"]
[Black "Groshong, William"]
[BlackElo "1154"]
[BlackTeam "Rhodes Avenue Bishops"]
[Result "0-1"]
[PlyCount "130"]

1. e4 e5 2. Nf3 Nc6 3. Nc3 Bc5 4. Nxe5 Nxe5 5. d4 Bb4 6. dxe5 f6 7. Qh5+ g6 8. Qf3 fxe5 9. Bc4 Nf6 10. Bg5 Bxc3+ 11. bxc3 Rf8 12. O-O d6 13. Bh6 Bg4 14. Qe3 Rh8 15. h3 Bd7 16. Qf3 a6 17. a4 Qe7 18. Bg5 Rf8 19. Bh6 Rh8 20. Rab1 O-O-O 21. Rb2 Bxa4 22. Rfb1 Bc6 23. Bg5 Rhf8 24. Bd5 Nxd5 25. Bxe7 Rxf3 26. Bxd8 Nxc3 27. gxf3 Nxb1 28. Bxc7 Kxc7 29. Rxb1 b5 30. Ra1 Kb6 31. c3 d5 32. Kf1 a5 33. Ke2 dxe4 34. fxe4 Bxe4 35. f3 Bf5 36. h4 a4 37. Kd2 Kc5 38. Kc1 Kc4 39. Kb2 e4 40. fxe4 Bxe4 41. Ra3 h6 42. Kc1 g5 43. hxg5 hxg5 44. Kd2 g4 45. Ke2 Bf3+ 46. Kf2 b4 47. Rxa4 Kxc3 48. Rxb4 Kxb4 49. Kg3 Kc3 50. Kf2 Kd2 51. Kf1 Ke3 52. Ke1 Bg2 53. Kd1 Kf2 54. Kd2 Bf3 55. Kd3 g3 56. Kd4 g2 57. Ke5 g1=Q 58. Kd6 Qd1+ 59. Ke5 Qd5+ 60. Kf6 Kg3 61. Kg6 Be4+ 62. Kg7 Qd7+ 63. Kh8 Qe8+ 64. Kg7 Qg6+ 65. Kh8 Qh7# {[W: 0:02:12; B: 0:07:45]} 0-1

[Event "Junior Online 4NCL Division 2"]
[Site "online"]
[Date "2021.04.01"]
[EventDate "2021.04.01"]
[Round "6.117"]
[White "Gelmini, Gabriel"]
[WhiteElo "1151"]
[WhiteTeam "Rhodes Avenue Bishops"]
[Black "Shahameeran, Ashika"]
[BlackElo "1261"]
[BlackTeam "St John's College B"]
[Result "1/2-1/2"]
[PlyCount "95"]

1. c4 e5 2. Nc3 Nf6 3. g3 Nc6 4. Bg2 Bc5 5. Nf3 O-O 6. O-O d6 7. d3 h6 8. Bd2 Bd4 9. e3 Bxc3 10. Bxc3 e4 11. Bxf6 Qxf6 12. dxe4 Qxb2 13. Nd4 Qb6 14. Nxc6 Qxc6 15. Rc1 Re8 16. e5 Qc5 17. exd6 cxd6 18. Bd5 Rb8 19. Qf3 Be6 20. Bxb7 Re7 21. Bd5 Qa5 22. Bxe6 Rxe6 23. Qe2 d5 24. cxd5 Qxd5 25. Rfd1 Qb7 26. Qd2 Ree8 27. Qd7 Qb6 28. Rc7 Rf8 29. Rxa7 Rbd8 30. Qa4 Rxd1+ 31. Qxd1 Qxa7 32. Qc2 Qa5 33. Qb3 Qe1+ 34. Kg2 Kh7 35. Qd3+ g6 36. Qa3 Rd8 37. Qe7 Qd2 38. Qxf7+ Kh8 39. Qf6+ Kh7 40. Qf7+ Kh8 41. Qf6+ Kg8 42. Qxg6+ Kf8 43. Qf6+ Ke8 44. Qe6+ Kf8 45. Qf6+ Kg8 46. Qg6+ Kh8 47. Qxh6+ Kg8 48. Qg6+ {[W: 0:01:19; B: 0:00:38]} 1/2-1/2

[Event "Junior Online 4NCL Division 2"]
[Site "online"]
[Date "2021.04.01"]
[EventDate "2021.04.01"]
[Round "6.118"]
[White "Sequeira, Robert"]
[WhiteElo "1308"]
[WhiteTeam "St John's College B"]
[Black "Bevan, Alexander"]
[BlackElo "1049"]
[BlackTeam "Rhodes Avenue Bishops"]
[Result "1-0"]
[PlyCount "127"]

1. e4 c5 2. Nf3 Nc6 3. Bb5 Nf6 4. Bxc6 bxc6 5. Nc3 e6 6. d3 d5 7. exd5 cxd5 8. O-O Bd6 9. Bg5 O-O 10. Re1 Bb7 11. Rb1 h6 12. Bh4 Qc7 13. a3 d4 14. Ne4 Nxe4 15. dxe4 Rfe8 16. Bg3 Bxg3 17. fxg3 Rab8 18. Qd2 Qd6 19. c3 Red8 20. e5 Qd5 21. cxd4 cxd4 22. b4 Rbc8 23. Rbc1 Rc6 24. Rxc6 Bxc6 25. Rd1 Qb3 26. Qd3 Qxd3 27. Rxd3 Be4 28. Rd2 Bxf3 29. gxf3 Rd5 30. f4 Kf8 31. Kf2 Ke7 32. Kf3 Kd7 33. Ke4 Kc6 34. Rxd4 Rxd4+ 35. Kxd4 Kb5 36. Kc3 Ka4 37. Kb2 a5 38. bxa5 Kxa5 39. Kb3 Kb5 40. h3 f6 41. exf6 gxf6 42. a4+ Ka5 43. Kc4 Kxa4 44. Kc5 Kb3 45. Kd6 Kc3 46. Kxe6 Kd3 47. Kxf6 Ke3 48. Kg6 Kf3 49. f5 Kxg3 50. Kxh6 Kxh3 51. f6 Kg4 52. f7 Kf5 53. f8=Q+ Ke4 54. Kg5 Kd4 55. Qe7 Kc4 56. Qd6 Kc3 57. Kf4 Kc4 58. Ke4 Kb3 59. Qc5 Kb2 60. Kd3 Ka2 61. Qb6 Ka3 62. Kc4 Ka2 63. Kc3 Ka1 64. Qb2# {[W: 0:06:03; B: 0:06:45]} 1-0

[Event "Junior Online 4NCL Division 2"]
[Site "online"]
[Date "2021.04.01"]
[EventDate "2021.04.01"]
[Round "6.121"]
[White "Keenan, Isaac"]
[WhiteElo "1002"]
[WhiteTeam "Robin Hoods 3"]
[Black "Sastry, Shriya"]
[BlackElo "1351"]
[BlackTeam "Warwickshire Bears D"]
[Result "0-1"]
[PlyCount "128"]

1. d4 Nf6 2. Bf4 d5 3. Nf3 Nc6 4. e3 a6 5. Bd3 Bg4 6. c3 e6 7. Qc2 Bxf3 8. gxf3 Bd6 9. Bg3 h6 10. e4 Nh5 11. e5 Nxg3 12. hxg3 Be7 13. Qa4 Qd7 14. Qc2 O-O-O 15. Na3 Bxa3 16. bxa3 Ne7 17. Rb1 Qc6 18. Qb2 Kb8 19. O-O Nc8 20. Qb3 Nb6 21. Rb2 Qa4 22. Rfb1 Qxb3 23. Rxb3 Ka7 24. c4 dxc4 25. Bxc4 Rxd4 26. Be2 Rd2 27. Bd3 Rxa2 28. f4 Rd2 29. a4 Ra2 30. Rb4 Rxa4 31. Rxa4 Nxa4 32. Rc1 Rc8 33. Ra1 Nc5 34. Rc1 Nxd3 35. Rd1 Nc5 36. Rc1 b6 37. f3 Kb7 38. g4 Rd8 39. f5 exf5 40. gxf5 Rd4 41. f6 gxf6 42. exf6 Rf4 43. Kg2 Rxf6 44. Kg3 Rc6 45. f4 Ne4+ 46. Kf3 Rxc1 47. Kxe4 a5 48. f5 a4 49. Ke5 a3 50. f6 a2 51. Kf5 a1=Q 52. Ke4 Qxf6 53. Kd3 Rc3+ 54. Ke4 Rc4+ 55. Kd5 Rc5+ 56. Ke4 Qh4+ 57. Kf3 Rc3+ 58. Ke2 Qh2+ 59. Kd1 Rd3+ 60. Ke1 Re3+ 61. Kd1 Qe2+ 62. Kc1 Rc3+ 63. Kb1 Qc2+ 64. Ka1 Ra3# {[W: 0:05:37; B: 0:05:57]} 0-1

[Event "Junior Online 4NCL Division 2"]
[Site "online"]
[Date "2021.04.01"]
[EventDate "2021.04.01"]
[Round "6.122"]
[White "Jayaprabu, Jaden"]
[WhiteElo "1248"]
[WhiteTeam "Warwickshire Bears D"]
[Black "Tumurugoti, Vaed"]
[BlackElo "909"]
[BlackTeam "Robin Hoods 3"]
[Result "1-0"]
[PlyCount "71"]

1. e4 e5 2. Nf3 Nc6 3. Bc4 Bc5 4. Nc3 Nf6 5. d3 O-O 6. Bg5 Be7 7. Qd2 Nd4 8. Nxd4 exd4 9. Nd5 Nxd5 10. h4 Bb4 11. Bxd8 Bxd2+ 12. Kxd2 Rxd8 13. Bxd5 c6 14. Bb3 d5 15. exd5 cxd5 16. Rae1 h6 17. Re5 Be6 18. c3 Rac8 19. cxd4 Rc6 20. Rc1 f6 21. Rxc6 fxe5 22. Rxe6 Rf8 23. Bxd5 Rxf2+ 24. Kc3 b5 25. Rf6+ Kh7 26. Rxf2 a5 27. Rf7 b4+ 28. Kc4 Kg6 29. g4 h5 30. gxh5+ Kxh5 31. Rxg7 exd4 32. Kxd4 Kxh4 33. Ke4 a4 34. Kf4 Kh3 35. Be6+ Kh4 36. Rh7# {[W: 0:04:06; B: 0:05:40]} 1-0

[Event "Junior Online 4NCL Division 2"]
[Site "online"]
[Date "2021.04.01"]
[EventDate "2021.04.01"]
[Round "6.123"]
[White "Stokes, Matthew"]
[WhiteElo "886"]
[WhiteTeam "Robin Hoods 3"]
[Black "Kuang, Felix"]
[BlackElo "1285"]
[BlackTeam "Warwickshire Bears D"]
[Result "1/2-1/2"]
[PlyCount "40"]

1. d4 Nf6 2. c4 c5 3. d5 e6 4. Nc3 d6 5. Nf3 e5 6. e3 Bd7 7. Be2 Be7 8. O-O Qb6 9. b3 Na6 10. Bd2 O-O 11. h3 Rfe8 12. Re1 Rad8 13. Qc2 Nb4 14. Qb2 h6 15. a3 Na6 16. Qc2 Nc7 17. a4 a6 18. Rab1 Bc8 19. Bd3 Bf8 20. Red1 Bd7 {[W: 0:04:58; B: 0:02:43]} 1/2-1/2

[Event "Junior Online 4NCL Division 2"]
[Site "online"]
[Date "2021.04.01"]
[EventDate "2021.04.01"]
[Round "6.125"]
[White "Sastry, Shriya"]
[WhiteElo "1351"]
[WhiteTeam "Warwickshire Bears D"]
[Black "Keenan, Isaac"]
[BlackElo "1002"]
[BlackTeam "Robin Hoods 3"]
[Result "1/2-1/2"]
[PlyCount "125"]

1. d4 d5 2. Bf4 Bf5 3. Nf3 Nf6 4. Nc3 e6 5. a3 Bd6 6. Bxd6 Qxd6 7. Nh4 c6 8. Nxf5 exf5 9. e3 Nbd7 10. Qf3 O-O-O 11. Qxf5 g6 12. Qf3 h5 13. O-O-O g5 14. h3 g4 15. Qf4 Qxf4 16. exf4 gxh3 17. Rxh3 Ng4 18. Rf3 Nh2 19. Re3 Ng4 20. Re2 Rhe8 21. Rde1 Rxe2 22. Rxe2 Nh2 23. Re1 Nf6 24. Bd3 Re8 25. Rxe8+ Nxe8 26. f3 Nf6 27. Kd1 h4 28. Ke1 Nh5 29. Kf2 Nxf4 30. Kg1 h3 31. Kxh2 hxg2 32. Ne2 Nxe2 33. Bxe2 g1=Q+ 34. Kxg1 b5 35. Kf2 f5 36. Ke3 a5 37. Kf4 Kd7 38. Kxf5 Kd6 39. Kf4 c5 40. dxc5+ Kxc5 41. Ke3 d4+ 42. Kd2 Kd5 43. Bxb5 Kc5 44. Bd3 a4 45. Ke2 Kd5 46. f4 Ke6 47. f5+ Kf6 48. Kf3 Kf7 49. Ke4 Kg7 50. Kxd4 Kf6 51. Kc4 Ke5 52. Kb4 Kf6 53. Kxa4 Ke5 54. Kb5 Kf6 55. a4 Ke5 56. a5 Kf6 57. a6 Ke5 58. a7 Kd4 59. a8=Q Ke5 60. Qe4+ Kf6 61. Qe6+ Kg7 62. Qg6+ Kf8 63. f6 {[W: 0:09:54; B: 0:06:27]} 1/2-1/2

[Event "Junior Online 4NCL Division 2"]
[Site "online"]
[Date "2021.04.01"]
[EventDate "2021.04.01"]
[Round "6.126"]
[White "Tumurugoti, Vaed"]
[WhiteElo "909"]
[WhiteTeam "Robin Hoods 3"]
[Black "Jayaprabu, Jaden"]
[BlackElo "1248"]
[BlackTeam "Warwickshire Bears D"]
[Result "0-1"]
[PlyCount "114"]

1. e4 e5 2. Bc4 Nf6 3. Qf3 Nc6 4. Qb3 Qe7 5. Nf3 Nxe4 6. d3 Nd6 7. Bg5 f6 8. Bxf6 Qxf6 9. d4 Nxd4 10. Qc3 Nxf3+ 11. Kf1 Nxc4 12. Qxc4 b5 13. Qxc7 Nd4 14. Nc3 b4 15. Nd5 Ba6+ 16. c4 Qd6 17. Qxd6 Bxd6 18. Kg1 Bxc4 19. Ne3 Ne2+ 20. Kf1 Ng3+ 21. Kg1 Nxh1 22. Nxc4 Nxf2 23. Kxf2 Bc5+ 24. Kf1 O-O+ 25. Ke2 Rf2+ 26. Kd3 e4+ 27. Kxe4 Re8+ 28. Kd5 Rf5+ 29. Ne5 Rfxe5+ 30. Kc4 d6 31. Rd1 a6 32. Kb3 Re3+ 33. Ka4 Bd4 34. Rxd4 Re2 35. Rxb4 Rxg2 36. Rb6 Rxh2 37. b4 Re5 38. Rb8+ Kf7 39. Rb7+ Kg6 40. Rb6 Kf5 41. Rxd6 h5 42. b5 Rxa2+ 43. Kb4 Rxb5+ 44. Kc4 Rc2+ 45. Kd4 Rd2+ 46. Kc3 Rxd6 47. Kc4 Rc6+ 48. Kd4 g5 49. Ke3 Rd5 50. Kf3 Rc4 51. Ke3 h4 52. Kf3 Rd3+ 53. Ke2 Ra3 54. Kd2 h3 55. Ke2 Rc2+ 56. Kd1 Rh2 57. Ke1 Ra1# {[W: 0:07:40; B: 0:06:54]} 0-1

[Event "Junior Online 4NCL Division 2"]
[Site "online"]
[Date "2021.04.01"]
[EventDate "2021.04.01"]
[Round "6.127"]
[White "Kuang, Felix"]
[WhiteElo "1285"]
[WhiteTeam "Warwickshire Bears D"]
[Black "Stokes, Matthew"]
[BlackElo "886"]
[BlackTeam "Robin Hoods 3"]
[Result "1-0"]
[PlyCount "97"]

1. e4 d5 2. exd5 Qxd5 3. Nc3 Qd6 4. Nf3 Nf6 5. d3 a6 6. Be3 Nc6 7. Be2 Bf5 8. Qd2 Qd7 9. O-O e6 10. Rad1 Bd6 11. h3 O-O 12. a3 Rfe8 13. Rfe1 h6 14. Bf4 e5 15. Bg3 Bxh3 16. gxh3 Qxh3 17. Bf1 Qf5 18. Qe3 b6 19. Bg2 Bc5 20. Qe2 Rab8 21. Nh4 Qg5 22. Qf3 Nd4 23. Qe3 Nf3+ 24. Qxf3 Bd6 25. Re3 Bc5 26. Re2 Qg4 27. Qxg4 Nxg4 28. Kf1 Rbd8 29. Bf3 Nf6 30. Bxe5 Be7 31. Ng2 Rc8 32. d4 a5 33. a4 Bb4 34. Rd3 Bxc3 35. Rxc3 Re7 36. Bxf6 Rxe2 37. Kxe2 gxf6 38. Bg4 Re8+ 39. Ne3 Re7 40. Kd2 Kg7 41. Nf5+ Kg6 42. Nxe7+ Kg5 43. Bf3 Kf4 44. Ke2 Kg5 45. Rxc7 f5 46. Rb7 f4 47. Rxb6 h5 48. Rb5+ Kh4 49. Rxh5# {[W: 0:00:34; B: 0:00:24]} 1-0

[Event "Junior Online 4NCL Division 2"]
[Site "online"]
[Date "2021.04.01"]
[EventDate "2021.04.01"]
[Round "6.131"]
[White "Sanka, Amit Aryan"]
[WhiteElo "1448"]
[WhiteTeam "KJCA Young Kestrels E"]
[Black "Babu, Rohan"]
[BlackElo "1233"]
[BlackTeam "Robin Hoods 2"]
[Result "1-0"]
[PlyCount "49"]

1. Nf3 d5 2. e3 Bf5 3. c4 c6 4. Be2 Nf6 5. O-O e6 6. d4 Bd6 7. Nc3 O-O 8. b3 Bc7 9. Bb2 Qd6 10. c5 Qd7 11. a4 Qe7 12. b4 Nbd7 13. b5 Rab8 14. Ba3 e5 15. b6 Bd8 16. h3 e4 17. Nd2 a6 18. f3 Nh5 19. fxe4 Bxe4 20. Ndxe4 dxe4 21. Bxh5 Nf6 22. d5 cxd5 23. Nxd5 Nxh5 24. Nxe7+ Bxe7 25. Qxh5 {[W: 0:09:38; B: 0:07:14]} 1-0

[Event "Junior Online 4NCL Division 2"]
[Site "online"]
[Date "2021.04.01"]
[EventDate "2021.04.01"]
[Round "6.132"]
[White "Wood, Ethan"]
[WhiteElo "1205"]
[WhiteTeam "Robin Hoods 2"]
[Black "Adatia, Amar"]
[BlackElo "1477"]
[BlackTeam "KJCA Young Kestrels E"]
[Result "0-1"]
[PlyCount "70"]

1. e4 c5 2. Nf3 d6 3. d4 cxd4 4. Nxd4 Nf6 5. Nc3 a6 6. Bg5 e6 7. f4 Nbd7 8. Qd2 b5 9. O-O-O Bb7 10. Bd3 Be7 11. g3 b4 12. Nce2 a5 13. a4 bxa3 14. b3 Nxe4 15. Bxe4 Bxe4 16. Rhf1 Nc5 17. Bxe7 Qxe7 18. Nc3 d5 19. Nxe4 Nxe4 20. Qe1 a4 21. Nc6 Qb7 22. Nb4 O-O 23. Rf3 Rfb8 24. Na2 axb3 25. Rxb3 Qc7 26. Rdd3 Nc5 27. Rdc3 Nxb3+ 28. cxb3 Qa5 29. Kb1 Rxb3+ 30. Rxb3 Qxe1+ 31. Kc2 Qe2+ 32. Kb1 Qd1+ 33. Nc1 a2+ 34. Ka1 Qxc1+ 35. Rb1 Qxb1# {[W: 0:01:41; B: 0:06:35]} 0-1

[Event "Junior Online 4NCL Division 2"]
[Site "online"]
[Date "2021.04.01"]
[EventDate "2021.04.01"]
[Round "6.134"]
[White "Matthews-Asensio, Tomas"]
[WhiteElo "1098"]
[WhiteTeam "Robin Hoods 2"]
[Black "Barton, Ben"]
[BlackElo "1510"]
[BlackTeam "KJCA Young Kestrels E"]
[Result "1-0"]
[PlyCount "153"]

1. d4 c5 2. Nc3 cxd4 3. Qxd4 Nc6 4. Qd1 Nf6 5. Bf4 e6 6. e4 Bb4 7. Bd3 O-O 8. a3 Bxc3+ 9. bxc3 Qb6 10. Nf3 Qb2 11. c4 Nd4 12. Nxd4 Qxd4 13. O-O Nxe4 14. Bxe4 Qxe4 15. Qd2 d5 16. cxd5 exd5 17. Rfe1 Qg6 18. Qxd5 Qxc2 19. h3 Be6 20. Qxb7 Qg6 21. Qf3 h6 22. Re5 Rad8 23. g4 Rd3 24. Qb7 Rxh3 25. Qg2 Qxg4 26. Qxg4 Bxg4 27. Kg2 f5 28. Rc1 Rxa3 29. Rc7 Rf7 30. Re8+ Rf8 31. Ree7 Bf3+ 32. Kh2 Rf6 33. Rxg7+ Kf8 34. Rh7 Kg8 35. Rhg7+ Kf8 36. Rgd7 Bh5 37. Rc8+ Be8 38. Rdd8 Re6 39. Rxe8+ Rxe8 40. Bd6+ Kf7 41. Rxe8 Kxe8 42. Bxa3 a6 43. Kg3 Kf7 44. Kf4 Kg6 45. Bc1 a5 46. Kg3 a4 47. f4 Kf6 48. Kh4 Kg6 49. Ba3 Kf6 50. Kh5 Kg7 51. Bb4 Kh7 52. Be7 Kg7 53. Bd6 Kh7 54. Be5 a3 55. Ba1 a2 56. Bc3 Kg8 57. Kxh6 Kf7 58. Kg5 Ke6 59. Ba1 Kf7 60. Kxf5 Kf8 61. Kg5 Kg8 62. f5 Kf7 63. f6 Kf8 64. Kg6 Kg8 65. f7+ Kf8 66. Bg7+ Ke7 67. f8=Q+ Ke6 68. Qf7+ Kd6 69. Qxa2 Kc5 70. Qd2 Kc4 71. Kf5 Kb3 72. Qc1 Ka2 73. Ke4 Kb3 74. Kd4 Kb4 75. Qb1+ Ka3 76. Kc4 Ka4 77. Qb4# {[W: 0:07:52; B: 0:01:53]} 1-0

[Event "Junior Online 4NCL Division 2"]
[Site "online"]
[Date "2021.04.01"]
[EventDate "2021.04.01"]
[Round "6.135"]
[White "Babu, Rohan"]
[WhiteElo "1233"]
[WhiteTeam "Robin Hoods 2"]
[Black "Sanka, Amit Aryan"]
[BlackElo "1448"]
[BlackTeam "KJCA Young Kestrels E"]
[Result "0-1"]
[PlyCount "62"]

1. e4 e6 2. d4 c5 3. c3 cxd4 4. cxd4 d5 5. e5 Nc6 6. Nc3 Nge7 7. Be3 Nf5 8. Bf4 Nfxd4 9. Nb5 Nxb5 10. Bxb5 Qa5+ 11. Bd2 Qxb5 12. Nf3 Qxb2 13. Rb1 Qxa2 14. Ra1 Qc4 15. Rc1 Qe4+ 16. Be3 Nxe5 17. Nxe5 Qxe5 18. Qa4+ Bd7 19. Qa2 Bb4+ 20. Ke2 Bb5+ 21. Kd1 a6 22. Qc2 O-O 23. Bc5 Rfc8 24. Qa2 Rxc5 25. Rxc5 Bxc5 26. Qc2 Qd4+ 27. Qd2 Ba4+ 28. Ke2 Qe4+ 29. Kf1 Bb5+ 30. Kg1 Qb1+ 31. Qe1 Qxe1# {[W: 0:10:04; B: 0:10:46]} 0-1

[Event "Junior Online 4NCL Division 2"]
[Site "online"]
[Date "2021.04.01"]
[EventDate "2021.04.01"]
[Round "6.136"]
[White "Adatia, Amar"]
[WhiteElo "1477"]
[WhiteTeam "KJCA Young Kestrels E"]
[Black "Wood, Ethan"]
[BlackElo "1205"]
[BlackTeam "Robin Hoods 2"]
[Result "1-0"]
[PlyCount "70"]

1. d4 d5 2. c4 Nf6 3. Nf3 Nc6 4. Bf4 e6 5. e3 Bd6 6. Bxd6 Qxd6 7. Nc3 O-O 8. Bd3 Nb4 9. O-O b6 10. cxd5 exd5 11. Nb5 Qd7 12. Ne5 Qe7 13. a3 Nxd3 14. Qxd3 Ba6 15. Qb3 Qe8 16. Nxc7 Qc8 17. Rfc1 Rb8 18. Qa4 Bb7 19. Na6 Qe8 20. Qxe8 Rbxe8 21. Nc7 Rc8 22. Nb5 Rxc1+ 23. Rxc1 a6 24. Nd6 Ba8 25. Rc7 Ne8 26. Nxe8 Rxe8 27. Nxf7 Rf8 28. Ng5 h6 29. Ne6 Rf7 30. Rc8+ Kh7 31. Rxa8 a5 32. g3 Rf6 33. Nf4 g5 34. Nxd5 h5 35. Nxf6+ Kg6 {[W: 0:07:27; B: 0:01:50]} 1-0

[Event "Junior Online 4NCL Division 2"]
[Site "online"]
[Date "2021.04.01"]
[EventDate "2021.04.01"]
[Round "6.138"]
[White "Barton, Ben"]
[WhiteElo "1510"]
[WhiteTeam "KJCA Young Kestrels E"]
[Black "Matthews-Asensio, Tomas"]
[BlackElo "1098"]
[BlackTeam "Robin Hoods 2"]
[Result "1-0"]
[PlyCount "95"]

1. e4 d6 2. Nf3 Nf6 3. Nc3 Nbd7 4. d4 e5 5. Bb5 c6 6. Ba4 Be7 7. Bg5 O-O 8. O-O Re8 9. a3 d5 10. dxe5 Nxe5 11. exd5 Nxd5 12. Nxd5 Bxg5 13. Nxg5 Qxg5 14. Nc7 Bh3 15. g3 Qf5 16. Nxa8 Nf3+ 17. Kh1 Qe4 18. Qd3 Ne1+ 19. Qxe4 Rxe4 20. Raxe1 Rxe1 21. Rxe1 h6 22. Nc7 Kh7 23. c3 Bf5 24. Ne8 Be6 25. Bc2+ g6 26. Nc7 Bc4 27. Re7 Kg7 28. b3 Be2 29. Ne6+ Kf6 30. Rxb7 c5 31. Nxc5 Bf3+ 32. Kg1 Bxb7 33. Nxb7 Kg7 34. Nd8 Kf6 35. Nxf7 Kxf7 36. c4 Ke6 37. Bxg6 Kd6 38. b4 Kc6 39. c5 Kb5 40. Be8+ Ka6 41. c6 Kb6 42. a4 Kc7 43. b5 h5 44. a5 Kc8 45. b6 a6 46. Bd7+ Kb8 47. c7+ Kb7 48. c8=Q# {[W: 0:09:44; B: 0:10:46]} 1-0

[Event "Junior Online 4NCL Division 2"]
[Site "online"]
[Date "2021.04.01"]
[EventDate "2021.04.01"]
[Round "6.141"]
[White "Houlihan, Elisabeth"]
[WhiteElo "1227"]
[WhiteTeam "Ojays F"]
[Black "Smith, Ellison"]
[BlackElo "1624"]
[BlackTeam "Young Dragons A"]
[Result "0-1"]
[PlyCount "114"]

1. d4 d5 2. c4 c6 3. Nc3 Nf6 4. e3 e6 5. Bd3 Nbd7 6. Nf3 dxc4 7. Bxc4 b5 8. Bd3 a6 9. e4 Bb7 10. e5 Nd5 11. Nxd5 cxd5 12. Be3 Bb4+ 13. Bd2 Qa5 14. Bxb4 Qxb4+ 15. Qd2 Qxd2+ 16. Nxd2 O-O 17. O-O Rac8 18. Rac1 Nb6 19. b3 b4 20. Nf3 a5 21. Bb5 h6 22. h3 Rfd8 23. Rfe1 g5 24. Bd3 a4 25. bxa4 Nxa4 26. Rc2 Rxc2 27. Bxc2 Nc3 28. Bb1 Ra8 29. Re3 Nxb1 30. Rb3 Nc3 31. Rxb4 Ba6 32. a3 Bc4 33. Nd2 Ne2+ 34. Kh2 Rxa3 35. Nxc4 dxc4 36. Rb2 Nxd4 37. Rb8+ Kg7 38. Rb7 c3 39. Rc7 c2 40. Rc8 Ra1 41. Rc7 c1=Q 42. Rxc1 Rxc1 43. f3 Rc2 44. Kg3 h5 45. Kh2 Nxf3+ 46. Kg3 Nxe5 47. Kh2 h4 48. Kh1 f5 49. Kh2 f4 50. Kh1 Kg6 51. Kg1 g4 52. hxg4 Nxg4 53. Kh1 Kg5 54. Kg1 Ne3 55. Kh2 Kg4 56. Kh1 Kg3 57. Kg1 Rc1# {[W: 0:00:26; B: 0:02:18]} 0-1

[Event "Junior Online 4NCL Division 2"]
[Site "online"]
[Date "2021.04.01"]
[EventDate "2021.04.01"]
[Round "6.142"]
[White "Chung, Joel"]
[WhiteElo "1561"]
[WhiteTeam "Young Dragons A"]
[Black "Domingo, Marco"]
[BlackElo "1178"]
[BlackTeam "Ojays F"]
[Result "1-0"]
[PlyCount "67"]

1. e4 e5 2. f4 Nc6 3. Nf3 Bc5 4. fxe5 Qe7 5. d4 Bb6 6. Bc4 d6 7. Nc3 dxe5 8. d5 Nd4 9. Be3 Nf6 10. O-O Bd7 11. Ne2 Nxe2+ 12. Qxe2 O-O 13. Bxb6 axb6 14. a3 Rad8 15. b4 c6 16. Rad1 b5 17. d6 Qe6 18. Bxe6 Bxe6 19. Ng5 Bg4 20. Nf3 Rd7 21. h3 Bh5 22. Qd3 Rfd8 23. Qe3 Bg6 24. Nxe5 Rxd6 25. Rxd6 Rxd6 26. Nxg6 hxg6 27. Qc5 Re6 28. e5 Nd7 29. Qd4 Nxe5 30. Qd8+ Kh7 31. Rd1 Nc4 32. Qh4+ Kg8 33. Rd8+ Re8 34. Rxe8# {[W: 0:03:57; B: 0:08:32]} 1-0

[Event "Junior Online 4NCL Division 2"]
[Site "online"]
[Date "2021.04.01"]
[EventDate "2021.04.01"]
[Round "6.143"]
[White "Baker, Lawrence"]
[WhiteElo "1228"]
[WhiteTeam "Ojays F"]
[Black "Szakmany, Bence"]
[BlackElo "1614"]
[BlackTeam "Young Dragons A"]
[Result "0-1"]
[PlyCount "40"]

1. e4 e5 2. Nc3 Nf6 3. f4 d5 4. fxe5 Nxe4 5. Nxe4 dxe4 6. d3 exd3 7. cxd3 Bb4+ 8. Bd2 Bxd2+ 9. Qxd2 O-O 10. Nf3 Bg4 11. Be2 Re8 12. d4 c5 13. O-O Nc6 14. Bb5 cxd4 15. Nxd4 Qxd4+ 16. Qxd4 Nxd4 17. Bxe8 Rxe8 18. Rf4 Ne2+ 19. Kf2 Nxf4 20. Rd1 Bxd1 {[W: 0:08:58; B: 0:09:05]} 0-1

[Event "Junior Online 4NCL Division 2"]
[Site "online"]
[Date "2021.04.01"]
[EventDate "2021.04.01"]
[Round "6.144"]
[White "Davies, Tom"]
[WhiteElo "1493"]
[WhiteTeam "Young Dragons A"]
[Black "Terrado, Rhianne"]
[BlackElo "1219"]
[BlackTeam "Ojays F"]
[Result "1-0"]
[PlyCount "71"]

1. c4 e5 2. Nc3 Nc6 3. Nf3 d6 4. e4 Nf6 5. d4 Be7 6. d5 Nb8 7. Be2 c6 8. O-O O-O 9. b3 Re8 10. Bb2 Nbd7 11. Nd2 Nf8 12. f4 exf4 13. Rxf4 Ng6 14. Rf1 cxd5 15. cxd5 Qc7 16. Nc4 Qc5+ 17. Kh1 Nh4 18. g3 Ng6 19. Rf5 Bxf5 20. exf5 Nf8 21. g4 N6d7 22. Ne4 Qc7 23. Qd4 Nf6 24. g5 Nh5 25. Bxh5 f6 26. Rg1 Red8 27. gxf6 Bxf6 28. Nxf6+ Kh8 29. Ne4 Rd7 30. Ncxd6 Ne6 31. dxe6 Re7 32. f6 gxf6 33. Qxf6+ Rg7 34. Rxg7 Rg8 35. Rxc7+ Rg7 36. Qf8# {[W: 0:09:18; B: 0:07:15]} 1-0

[Event "Junior Online 4NCL Division 2"]
[Site "online"]
[Date "2021.04.01"]
[EventDate "2021.04.01"]
[Round "6.145"]
[White "Smith, Ellison"]
[WhiteElo "1624"]
[WhiteTeam "Young Dragons A"]
[Black "Houlihan, Elisabeth"]
[BlackElo "1227"]
[BlackTeam "Ojays F"]
[Result "1-0"]
[PlyCount "87"]

1. e4 e5 2. Nf3 Nc6 3. Bc4 Bc5 4. c3 Qf6 5. d4 exd4 6. e5 Nxe5 7. Qe2 dxc3 8. Nxe5 Bxf2+ 9. Qxf2 Qxf2+ 10. Kxf2 f6 11. Nf7 Ne7 12. Nxh8 d6 13. Re1 Kd8 14. Nxc3 Bf5 15. Nd5 Nxd5 16. Bxd5 Rb8 17. Nf7+ Kd7 18. Bd2 Re8 19. Rxe8 Kxe8 20. Re1+ Kd7 21. Bxb7 g5 22. Nh6 Bg6 23. Ng4 f5 24. Nf6+ Kd8 25. Bxg5 d5 26. Nxd5+ Kd7 27. Nf4 h5 28. Nxg6 Kd6 29. Nf4 Kd7 30. Nxh5 c6 31. Nf6+ Kc7 32. Ba6 Kb6 33. Bd3 a5 34. h4 a4 35. h5 Ka5 36. h6 Kb6 37. h7 Kc5 38. h8=Q Kb6 39. Qg7 Kc5 40. Qd7 Kb6 41. Rc1 f4 42. Bxf4 Ka5 43. Qa7+ Kb4 44. Qc5# {[W: 0:07:44; B: 0:04:14]} 1-0

[Event "Junior Online 4NCL Division 2"]
[Site "online"]
[Date "2021.04.01"]
[EventDate "2021.04.01"]
[Round "6.146"]
[White "Domingo, Marco"]
[WhiteElo "1178"]
[WhiteTeam "Ojays F"]
[Black "Chung, Joel"]
[BlackElo "1561"]
[BlackTeam "Young Dragons A"]
[Result "0-1"]
[PlyCount "128"]

1. e4 e5 2. Nf3 Nc6 3. Bc4 Nf6 4. Ng5 Bc5 5. Nc3 O-O 6. O-O h6 7. Nf3 d6 8. h3 a6 9. d3 Nd4 10. Nxd4 Bxd4 11. Nd5 Nxd5 12. Bxd5 c6 13. Bb3 Qf6 14. c3 Bb6 15. Be3 Bxe3 16. fxe3 Qg5 17. Qe2 Bxh3 18. d4 Bg4 19. Qf2 Be6 20. Bc2 Bc4 21. Rfd1 Rad8 22. b3 Be6 23. Rd2 f5 24. exf5 Bxf5 25. Bxf5 Rxf5 26. Qe2 Rdf8 27. Rad1 e4 28. Qc4+ d5 29. Qe2 Qg3 30. Qe1 Qxe1+ 31. Rxe1 Rg5 32. Rf2 Rxf2 33. Kxf2 Kf7 34. Ke2 Ke6 35. Rf1 Rf5 36. Rxf5 Kxf5 37. Kf2 Kg4 38. a3 b5 39. b4 g5 40. g3 h5 41. Kg2 h4 42. gxh4 gxh4 43. Kh2 h3 44. Kg1 Kf3 45. Kh2 Kxe3 46. Kxh3 Kd3 47. Kg2 Kxc3 48. Kf2 Kxd4 49. Ke2 Kc3 50. Ke3 Kb3 51. Kd2 Kxa3 52. Ke3 Kxb4 53. Kd4 a5 54. Ke3 a4 55. Kd2 a3 56. Kc2 d4 57. Kb1 d3 58. Kc1 e3 59. Kd1 Kc3 60. Kc1 a2 61. Kd1 b4 62. Kc1 b3 63. Kd1 b2 64. Ke1 a1=R# {[W: 0:06:58; B: 0:05:23]} 0-1